000 00481nam a22001937a 4500
003 AR-RoIUNI
005 20190507124050.0
008 190507b xxu||||| |||| 00| 0 spa d
020 _a8575566652
040 _cIUNIR
080 _a82-9 NIE
100 1 _9107
_aNietzsche, Friedrich
_c
245 1 2 _aA genealogia da moral
_bTexto integral
250 _a2a. ed.
260 _aSao Paulo
_bEscala
_c2007
300 _a154 p.
_c19 cm.
650 1 0 _9557
_aLiteratura
942 _2cdu
_cBK
999 _c4580
_d4580